[Event "XVIII Najdorf Open 2018"]
[Site "Warsaw"]
[Date "2018.07.10"]
[Round "3"]
[White "Miroshnichenko, Pavel"]
[Black "Wieczorek, Oskar"]
[Result "1/2-1/2"]
[WhiteElo "2304"]
[BlackElo "2470"]
[Annotator "TA"]
[PlyCount "82"]
[EventDate "2018.07.08"]
[EventCountry "POL"]
[SourceTitle "playchess.com"]
[Source "ChessBase"]
[SourceQuality "1"]

{[%evp 11,82,14,13,8,0,6,11,9,17,-14,45,51,44,29,32,31,23,35,47,7,17,-6,0,-18,-20,-20,-18,-25,-6,-32,0,0,0,0,29,0,68,0,0,0,0,0,0,-24,0,-69,-64,-79,0,0,0,0,0,0,0,0,0,0,0,0,0,0,0,0,0,0,0,0,0,0,0,0,0]} 1. e4 c6 {[%cal Bc7c6,Bc6d5][%mdl 32]} 2. Nf3 d5 3. exd5 cxd5 4. Ne5 (4. d4 Bg4 5. h3 Bxf3 6. Qxf3 e6 7. Bd3 Nf6 8. O-O Bd6 9. c3 h6 10. Nd2 O-O 11. Qe2 Qc7 12. g3 Nc6 13. f4 {½-½ (31) Kramnik,V (2808)-Anand,V (2786) Leuven 2017}) 4... Nf6 5. Bb5+ Nbd7 6. d4 {B10: Caro-Kann: 2 d3 and 2 c4} g6 {LiveBook: 24 Games} 7. Nc3 a6 8. Be2 Bg7 9. O-O O-O 10. f4 $146 ({Predecessor:} 10. Re1 Nxe5 11. dxe5 Nd7 12. Nxd5 Nxe5 {½-½ (50) Zeidler,S (2153)-Brown,T (2074) Cardiff 2018}) 10... b5 (10... e6 $11) 11. a4 $14 bxa4 12. Bf3 (12. Nxa4 {feels hotter.} Ne4 13. Be3 e6 14. Bf3 Nb6 15. c4) 12... Nb6 13. Nxa4 Nxa4 14. Rxa4 Bf5 15. c3 Be4 16. Qe2 Qb6 17. Bxe4 Nxe4 18. Be3 Qb5 19. Qc2 Rfc8 20. f5 Bxe5 21. dxe5 gxf5 $40 {[%mdl 128] Black attacks.} 22. Rxf5 Rc6 23. Rd4 Rg6 (23... Rb8 $1 $11) 24. Bc1 (24. c4 $1 $14 Qc6 25. Rf1) 24... Rc8 25. Qd1 e6 26. Rf1 Rf8 27. Qf3 f5 28. Rb4 (28. exf6 $1 $11 Rfxf6 29. Qd3) 28... Qc6 $15 29. Be3 {[#]} f4 $1 {[%mdl 512]} 30. Bxf4 $11 {The position is equal.} Nd2 31. Bxd2 {[%csl Gf1][%cal Rf3f8]} Rxf3 32. Rxf3 Qc7 33. Rbf4 $1 Kg7 34. Be3 h5 35. Bd4 Qc4 36. Rf7+ Kg8 37. b4 Qe2 {[%csl Gg6][%cal Re2g2]} 38. Rf2 Qe1+ 39. Rf1 Qe4 {[%csl Gg6][%cal Re4g2]} 40. R7f3 Kh7 41. h3 Rg7 {Precision: White = 54%, Black = 63%.} 1/2-1/2

[Event "XVIII Najdorf Open 2018"]
[Site "Warsaw"]
[Date "2018.07.10"]
[Round "3"]
[White "Krstulovic, Alex"]
[Black "Rakesh, Kumar Jena"]
[Result "1/2-1/2"]
[WhiteElo "2289"]
[BlackElo "2385"]
[Annotator "NA"]
[PlyCount "77"]
[EventDate "2018.07.08"]
[EventCountry "POL"]
[SourceTitle "playchess.com"]
[Source "ChessBase"]
[SourceQuality "1"]

1. d4 d5 2. c4 c6 3. cxd5 cxd5 4. Bf4 Nc6 5. e3 Nf6 6. Nc3 a6 7. Be2 g6 8. h3 Bg7 9. Nf3 O-O 10. O-O b5 11. Rc1 Bb7 12. Ne5 Rc8 13. Nd3 Qb6 14. Nc5 Rfd8 15. a4 b4 16. a5 Nxa5 17. N3a4 Qa7 18. Qe1 Bc6 19. Qxb4 Nc4 20. b3 a5 21. Qc3 Bxa4 22. bxa4 Nd7 23. Nxd7 Rxd7 24. Rc2 h6 25. Rfc1 Rb7 26. Qa1 Rb4 27. Qa2 Qa6 28. e4 e6 29. Bd2 Rb6 30. Bxc4 dxc4 31. Rxc4 Rbc6 32. Rxc6 Rxc6 33. Rxc6 Qxc6 34. d5 exd5 35. exd5 Qc5 36. Qb3 Bd4 37. Be3 Bxe3 38. fxe3 Qb4 39. Qd1 1/2-1/2

[Event "XVIII Najdorf Open 2018"]
[Site "Warsaw"]
[Date "2018.07.10"]
[Round "3"]
[White "Gurvich, Vitaly"]
[Black "Jarmula, Lukasz"]
[Result "1/2-1/2"]
[WhiteElo "2274"]
[BlackElo "2512"]
[Annotator "TA"]
[PlyCount "130"]
[EventDate "2018.07.08"]
[EventCountry "POL"]
[SourceTitle "playchess.com"]
[Source "ChessBase"]
[SourceQuality "1"]

{[%evp 10,130,9,0,0,5,12,-33,-28,-19,-20,-42,-45,-57,-50,-52,-48,-57,-52,-59,-44,-49,-35,-55,-54,-70,-79,-58,-48,-40,-49,-50,-30,-31,-36,-64,-58,-70,-38,-36,-25,-34,-22,-67,-67,-67,0,-31,0,-11,92,-61,-39,-93,-53,-77,-65,-67,-58,-110,-110,-128,-102,-110,-102,-111,-98,-139,-22,-22,0,0,0,0,0,0,-6,-6,0,0,0,0,0,0,0,-4,0,0,0,0,29,-83,15,-5,-5,-97,0,0,0,0,0,0,0,0,0,0,0,0,0,0,0,0,0,0,0,0,0,0,0,0,0,0,0]} 1. c4 c6 2. d4 d5 3. cxd5 cxd5 4. Bg5 (4. Bf4 Nf6 5. Nc3 Nc6 6. Nf3 a6 7. Rc1 Bf5 8. e3 Rc8 9. Be2 e6 10. O-O Nd7 11. Na4 Be7 12. h3 O-O 13. a3 Na5 14. Nc5 Nc4 15. b4 Nxc5 16. dxc5 Nxa3 {1-0 (44) So,W (2778)-Carlsen,M (2843) Stavanger 2018}) 4... f6 5. Bd2 Nc6 6. Nc3 {LiveBook: 13 Partien. D10: Damengambit (Slawische Verteidigung)} Bf5 7. Nf3 $146 ({Vorgänger:} 7. e4 dxe4 8. d5 Ne5 9. Nh3 Bxh3 10. Qh5+ g6 11. Qxh3 f5 {½-½ (55) Hakobyan,A (2465)-Hovhannisyan,R (2595) Tsaghkadzor 2017}) 7... e6 8. Nh4 Bg4 9. h3 Bh5 10. g4 Bf7 $1 11. Nf3 Bd6 12. e4 Nge7 13. Bg2 O-O 14. O-O a6 15. Be3 b5 16. a3 Rc8 17. Rc1 Na5 18. Nd2 Nc4 19. Nxc4 bxc4 20. Qe2 Rb8 21. f4 Bc7 22. Kh1 Qd7 23. f5 exf5 ({Doch nicht} 23... Qd6 $6 24. Bf4 $14) 24. exf5 Rfe8 {Und ...Sc6 würde nun gewinnen.} 25. Qd2 Rb3 26. Rc2 Nc6 27. Bf3 Ne7 (27... Na7 $15) 28. Bg1 g5 29. Qg2 Ba5 (29... Kg7 $11) 30. Re1 $2 (30. h4 $1 $16) 30... Kg7 {Droht ...Sxf5 und aus.} 31. Ree2 ({Lieber} 31. Re3 $15) 31... Rh8 32. Bf2 h5 $1 33. Kg1 hxg4 34. hxg4 ({Besser ist} 34. Bxg4 $15 Kf8 35. Bg3) 34... Bc7 $17 35. Bg3 Bb6 {Droht stark ...Sc6.} 36. Bf2 Qd6 37. Rcd2 Ba5 38. Rc2 Bxc3 (38... Nc6 $1 $17 39. Rc1 Bc7) 39. Rxc3 $11 Rxc3 40. bxc3 Qxa3 41. Be1 Rb8 42. Ra2 Qc1 43. Qd2 Qxd2 44. Bxd2 Rb6 45. Be1 Nc6 46. Kf2 a5 47. Bd1 Rb7 48. Bd2 Ra7 49. Bc1 Be8 (49... Rb7 $5 {[%cal Rb7b1]}) 50. Ba4 {[#]} (50. Ba3 $11) 50... Ra8 (50... Nb4 $1 $17 {[%cal Rb4a2][%mdl 512]} 51. cxb4 axb4) 51. Bxc6 Bxc6 {[%mdl 4096] Endspiel KTL-KTL} 52. Rb2 {[#]} (52. Ba3 $11) 52... Ra7 (52... Rh8 $1 $17 53. Rb6 Rh2+ 54. Ke1 Rh1+ 55. Kd2 Ba4) 53. Rb6 {Die Stellung ist ausgeglichen.} Ba4 54. Ba3 Bd1 55. Kg3 Bc2 56. Kf2 a4 57. Kg3 Kf7 58. Kf2 Bd3 59. Kg3 Be4 60. Kf2 Bc2 61. Kf3 Rd7 62. Rb8 Bd1+ 63. Kg3 Ra7 64. Rf8+ Kg7 65. Rb8 Rd7 {Precision: Weiß = 48%, Schwarz = 47%.} 1/2-1/2

[Event "XVIII Najdorf Open 2018"]
[Site "Warsaw"]
[Date "2018.07.10"]
[Round "3"]
[White "Wyczling, Bartosz"]
[Black "Murdzia, Piotr"]
[Result "1/2-1/2"]
[WhiteElo "2262"]
[BlackElo "2410"]
[Annotator "NA"]
[PlyCount "68"]
[EventDate "2018.07.08"]
[EventCountry "POL"]
[SourceTitle "playchess.com"]
[Source "ChessBase"]
[SourceQuality "1"]

1. d4 Nf6 2. c4 e6 3. Nc3 Bb4 4. Qc2 d5 5. cxd5 exd5 6. Bg5 h6 7. Bh4 c5 8. e3 cxd4 9. exd4 Nc6 10. Bb5 O-O 11. Bxc6 bxc6 12. Nge2 Ba6 13. O-O-O Re8 14. Kb1 Rb8 15. Nc1 Bxc3 16. Qxc3 Ne4 17. Qh3 g5 18. Bg3 Nc3+ 19. Ka1 Nxd1 20. Rxd1 Rb6 21. Qxh6 c5 22. Qh5 cxd4 23. h4 d3 24. hxg5 d2 25. Rxd2 Re1 26. Rc2 Bd3 27. Be5 Rxe5 28. Nxd3 Rxg5 29. Qh3 Re6 30. f4 Rg7 31. Rc1 Rh7 32. Qf3 Re8 33. a3 f6 34. f5 Qd7 1/2-1/2

[Event "XVIII Najdorf Open 2018"]
[Site "Warsaw"]
[Date "2018.07.10"]
[Round "3"]
[White "Winiarski, Mikolaj"]
[Black "Lewicki, Miroslaw"]
[Result "0-1"]
[WhiteElo "2249"]
[BlackElo "2361"]
[Annotator "TA"]
[PlyCount "100"]
[EventDate "2018.07.08"]
[EventCountry "POL"]
[SourceTitle "playchess.com"]
[Source "ChessBase"]
[SourceQuality "1"]

{[%evp 24,100,0,0,29,2,54,49,44,52,57,0,0,0,0,-58,17,-27,-16,-101,-25,-147,-130,-168,-111,-139,-97,-112,-87,-179,-174,-182,-156,-271,-263,-345,-312,-319,-214,-308,-296,-302,-292,-244,-230,-427,-178,-273,-135,-380,-352,-430,-410,-610,-778,-763,-758,-704,-720,-712,-710,-627,-664,-693,-465,-495,-645,-603,-610,-748,-737,-677,-569,-29968,-29969,-29936,-5547,-5531,-5527]} 1. e4 c5 2. Nf3 d6 3. d4 cxd4 4. Nxd4 Nf6 5. Nc3 a6 6. Be3 e5 7. Nb3 Be7 8. f3 Be6 9. Qd2 O-O 10. O-O-O a5 11. Bb5 Na6 {B90: Sicilian Najdorf: Unusual White 6th moves, 6 Be3 Ng4 and 6 Be3 e5} 12. g4 (12. Qe2 Qb8 13. g4 Rc8 14. g5 Ne8 15. Kb1 Nec7 16. Bc4 Bxc4 17. Qxc4 a4 18. Nc1 a3 19. b3 {0-1 (62) Karjakin,S (2739)-Grischuk,A (2760) Odessa 2010}) 12... Nc7 13. g5 {LiveBook: 4 Games} Nh5 {The position is equal.} 14. Kb1 Qc8 (14... Nxb5 $11 15. Nxb5 a4) 15. Be2 $146 ({Predecessor:} 15. a3 Nxb5 16. Nxb5 Qc6 17. Nc3 Rfc8 18. Rc1 b5 19. Nd5 {0-1 (39) Yilmaz,T (2324)-Yilmaz,M (2399) Safranbolu 2009}) 15... a4 16. Nc1 Rd8 17. Nd5 (17. Nd3 $14) 17... Nxd5 $11 18. exd5 Bf5 $36 {[%mdl 2048] Black is pushing.} 19. Nd3 (19. a3 $11) 19... g6 (19... f6 $15) 20. Rc1 f6 {[%cal Bf7f6,Bf6g5,Bg5g4][%mdl 32]} 21. Rhg1 {[#]} (21. gxf6 $11 Nxf6 22. Nf2) 21... Rf8 (21... a3 $1 $17 22. b3 fxg5) 22. c4 (22. gxf6 $11 {remains equal.} Nxf6 23. Nf2) 22... a3 $17 23. b3 {[#]} Nf4 $1 {[%mdl 512]} 24. Ka1 (24. Bxf4 exf4) 24... fxg5 25. Nf2 Qd7 26. Rgd1 {[#]} (26. Ne4 $17 {was worth a try.}) 26... Bf6 $1 $19 27. Ne4 Bg7 28. c5 (28. Rg1 $17) 28... g4 29. c6 Qe7 30. cxb7 Rab8 31. Rc4 (31. Ba6 $142 gxf3 32. Rc4) 31... Nxe2 ({Weaker is} 31... Rxb7 32. fxg4 Bxe4 33. Rxe4 $17) 32. Qxe2 gxf3 ({Less strong is} 32... Qxb7 33. fxg4 Bxe4 34. Rxe4 $15) 33. Qxf3 Rxb7 34. Bc1 $2 (34. Rdc1 {was the only chance.}) 34... h5 (34... Rc7 $142 {Hoping for ...Rxc4.} 35. Re1 Rxc4 36. bxc4 Qh4) 35. Qc3 (35. Bxa3 $142 Bg4 36. Qd3 Bxd1 37. Qxd1) 35... Qh4 (35... Bxe4 $1 $19 {is more deadly.} 36. Rxe4 Rf2) 36. Qe1 $2 (36. Qg3 $17 Qxg3 37. hxg3) 36... Qxh2 {...Bxe4 is the strong threat.} 37. Rd2 Qh3 38. Bxa3 (38. Rdc2 $142 Qd3 39. Bxa3) 38... Bxe4 39. Qxe4 Rf4 40. Qe2 Rxc4 41. Qxc4 e4+ {[%cal Be5e4,Be4e3][%mdl 32]} 42. Kb1 e3 43. Re2 Rb8 {aiming for ...Rc8.} 44. Qf4 Re8 45. Bc1 h4 {[%cal Bh5h4,Bh4h3][%mdl 32]} 46. a4 Qf5+ 47. Qxf5 gxf5 {[%cal Bg6f5,Bf5f4][%mdl 32]} 48. Rxe3 Rxe3 49. Bxe3 h3 50. Bg1 f4 {Precision: White = 32%, Black = 52%.} 0-1

[Event "XVIII Najdorf Open 2018"]
[Site "Warsaw"]
[Date "2018.07.10"]
[Round "3"]
[White "Dubinski, Mateusz"]
[Black "Molenda, Marcin"]
[Result "1/2-1/2"]
[WhiteElo "2245"]
[BlackElo "2382"]
[Annotator "TA"]
[PlyCount "144"]
[EventDate "2018.07.08"]
[EventCountry "POL"]
[SourceTitle "playchess.com"]
[Source "ChessBase"]
[SourceQuality "1"]

{[%evp 23,144,31,46,40,56,55,56,45,58,39,45,35,62,-33,-14,-14,-38,-40,-11,-93,25,-25,5,0,147,154,154,141,128,121,207,112,112,112,112,112,112,112,112,112,112,112,113,112,112,112,112,75,112,112,112,112,112,112,112,112,112,112,112,0,112,106,112,16,16,16,16,16,34,12,156,156,156,156,156,12,156,156,156,156,156,4007,3826,3826,3826,3826,180,180,6144,4034,4041,4034,4041,4041,4041,4041,4041,4041,3983,28,28,20,20,20,28,28,28,28,28,28,28,28,28,28,28,28,40,40,40,40,40,40,40]} 1. d4 Nf6 2. c4 e6 3. Nc3 c5 4. d5 exd5 5. cxd5 d6 6. e4 g6 7. f4 Bg7 8. Bb5+ Nfd7 9. a4 O-O 10. Nf3 Na6 11. O-O Nc7 12. Bc4 Nb6 {LiveBook: 13 Games} 13. Bb3 {A67: Modern Benoni: Taimanov Variation} (13. Ba2 Bg4 14. h3 Bxf3 15. Qxf3 Nd7 16. Be3 Ne8 17. Rad1 Nef6 18. Nb5 Ne8 19. Nc3 Nef6 20. Nb5 {½-½ (20) Vernay,C (2440)-Spraggett,K (2601) Metz 2009}) 13... Bg4 14. h3 Bxf3 15. Qxf3 Nd7 16. Be3 Rb8 17. e5 dxe5 18. d6 $146 (18. f5 $14 Ne8 19. fxg6 hxg6 20. Ne4) ({Predecessor:} 18. f5 Ne8 19. Ne4 Qb6 20. Ra3 Nd6 {0-1 (49) Chachere,L (2225)-Musat,A (2275) Bucharest 1993}) 18... Ne6 $15 19. f5 Nd4 20. Bxd4 $1 exd4 21. Nd5 ({Much weaker is} 21. fxg6 dxc3 22. Bxf7+ Kh8 $17) (21. Ne4 $1 $11 Kh8 22. Qf4) 21... c4 (21... Be5 $17 22. fxg6 fxg6) 22. Ba2 Ne5 (22... Qa5 $5 {[%cal Ra5c5]}) 23. Ne7+ $1 Qxe7 (23... Kh8 $11 24. Qd5 Bf6) 24. dxe7 $16 Nxf3+ 25. Rxf3 Rfc8 26. Re1 d3 (26... Bh6 $16) 27. fxg6 (27. f6 $18) 27... hxg6 {[#]} 28. Bxc4 $1 {[%mdl 512]} Bd4+ (28... Rxc4 29. e8=Q+) 29. Kf1 Rxc4 30. e8=Q+ Rxe8 31. Rxe8+ {[%mdl 4096] Endgame KRR-KRB} Kg7 32. Rxd3 {b3 is the strong threat.} Bxb2 33. Rb3 Bf6 34. Rxb7 Rxa4 35. g3 Ra3 36. Kg2 Bd4 37. h4 Ra2+ 38. Kh3 Rf2 39. Re4 Bc5 40. Rc4 Be3 41. Re4 Bc5 $1 42. Kg4 Kh6 43. Rf4 (43. Rc4 $16 Bb6 44. Rc6) 43... f5+ $11 44. Kh3 Rxf4 $1 45. gxf4 {KR-KB} a5 46. h5 a4 (46... Be3 $11 {remains equal.}) 47. hxg6 $1 $16 Kxg6 48. Rc7 $1 {[%cal Rc7c5]} Bf8 49. Rc6+ ({Only move:} 49. Kh4 $1 $16) 49... Kg7 (49... Kf7 $11 {keeps the balance.}) 50. Kh4 {And now Kg5 would win.} Be7+ 51. Kh5 $1 a3 52. Ra6 Kf7 {[#]} 53. Kh6 $1 {[%cal Rh6h5]} Bf6 54. Rxa3 Be7 55. Rd3 Bh4 $2 (55... Kf6 56. Rd5 Ke6) 56. Kh5 Be7 57. Rd1 Kg7 58. Rd5 Kf6 59. Kh6 Bf8+ {[#]} 60. Kh7 $1 Be7 61. Kg8 $2 (61. Rd2 $18 {Black must now prevent Kh6.} Ba3 62. Rd4) 61... Kg6 $1 $11 62. Ra5 Bb4 63. Ra2 {Hoping for Rg2+.} Kh5 64. Rg2 Bd6 65. Kf7 Bxf4 66. Kf6 Kh4 67. Kxf5 Kh3 68. Rg8 Bg3 69. Ke4 {Threatening mate with Kf3.} Kh2 70. Kf3 {White is slightly better.} Bd6 71. Rg6 Be5 72. Rg5 Bc7 {Precision: White = 55%, Black = 52%.} 1/2-1/2

[Event "XVIII Najdorf Open 2018"]
[Site "Warsaw"]
[Date "2018.07.10"]
[Round "3"]
[White "Spitzl, Vinzent"]
[Black "Aravindh, chithambaram Vr."]
[Result "1/2-1/2"]
[WhiteElo "2241"]
[BlackElo "2580"]
[Annotator "TA"]
[PlyCount "84"]
[EventDate "2018.07.08"]
[EventCountry "POL"]
[SourceTitle "playchess.com"]
[Source "ChessBase"]
[SourceQuality "1"]

{[%evp 22,84,19,18,53,-11,-11,-10,-10,-12,-8,-8,-10,-12,-9,-20,-25,-22,-3,-5,0,-4,-2,-5,0,-3,-7,-5,0,0,0,0,0,0,0,0,0,0,0,-14,0,-8,-8,-8,0,0,0,0,0,-4,-4,-12,-8,-8,-8,-8,-7,-25,-6,-8,-8,-9,-8,-21,-10]} 1. e4 {Efimenko,Z} e5 2. Nf3 Nc6 3. Bb5 Nf6 4. O-O Nxe4 5. d4 Nd6 6. Bxc6 dxc6 7. dxe5 Nf5 8. Qxd8+ Kxd8 9. h3 h6 10. Nc3 Ke8 11. Ne2 Ne7 {C67: Spanische Partie (Berliner Verteidigung)} 12. b3 {LiveBook: 4 Partien} Ng6 13. Nf4 $146 (13. Bb2 $14) ({Vorgänger:} 13. Bb2 c5 14. Rad1 Be6 15. Nc3 Be7 16. Nd5 Bd8 17. c4 a5 18. a4 c6 {1-0 (56) Efimenko,Z (2683)-Malakhov,V (2725) Khanty-Mansiysk 2010 CBM 139 [Efimenko,Z]}) 13... Nxf4 $11 14. Bxf4 Bc5 15. e6 Bxe6 16. Bxc7 f6 17. Rad1 Rc8 18. Bg3 Rd8 19. Nd2 Bf5 20. Nc4 $1 Kf7 21. Na5 Bc8 ({Jedoch nicht} 21... Bxc2 $2 22. Rxd8 Rxd8 23. Nxb7 $18) 22. Nc4 Ke7 23. Rfe1+ Be6 24. Na5 {Und weiter mit Txd8 wäre nett.} Rxd1 25. Rxd1 Bc8 26. Nc4 Be6 27. Na5 Bc8 28. Nc4 b6 29. Nd6 Be6 {[#] Droht stark ...Td8.} 30. Nb7 Bb4 31. Rd4 c5 32. Rd3 c4 33. bxc4 Bxc4 34. Rd4 Ba6 35. Rxb4 (35. Nd6 {seems wilder.} Bxd6 36. Bxd6+ Ke6 37. Ba3 Ra8 38. g4) 35... Bxb7 {[%mdl 4096] Endspiel KTL-KTL} 36. Rc4 {[#] Tc7+ ist eine echte Drohung.} Rd8 37. Rc7+ Rd7 38. Rxd7+ Kxd7 39. Bb8 Be4 40. c3 {Die Stellung ist ausgeglichen.} Bd5 41. a3 $1 Kc6 42. Kf1 a5 {Precision: Weiß = 68%, Schwarz = 62%.} 1/2-1/2

[Event "XVIII Najdorf Open 2018"]
[Site "Warsaw"]
[Date "2018.07.10"]
[Round "3"]
[White "Adamski, Jan"]
[Black "Baskin, Robert"]
[Result "1/2-1/2"]
[WhiteElo "2217"]
[BlackElo "2339"]
[Annotator "NA"]
[PlyCount "73"]
[EventDate "2018.07.08"]
[EventCountry "POL"]
[SourceTitle "playchess.com"]
[Source "ChessBase"]
[SourceQuality "1"]

1. Nf3 Nf6 2. c4 g6 3. Nc3 d5 4. cxd5 Nxd5 5. Qa4+ Nc6 6. Ne5 Qd6 7. Nxc6 Qxc6 8. Qxc6+ bxc6 9. b3 Bg7 10. Bb2 Nxc3 11. Bxc3 Bxc3 12. dxc3 Be6 13. e3 a5 14. Bd3 O-O 15. Kd2 Rfd8 16. Kc2 c5 17. Rhd1 Rd6 18. c4 a4 19. Kc3 Rb6 20. Rdb1 axb3 21. axb3 Rba6 22. Kb2 Rxa1 23. Rxa1 Rxa1 24. Kxa1 Kg7 25. Kb2 Kf6 26. Kc3 Ke5 27. f4+ Kd6 28. Be4 Bd7 29. g3 e5 30. Bd5 f6 31. h4 h6 32. Be4 exf4 33. exf4 g5 34. b4 cxb4+ 35. Kxb4 c5+ 36. Ka5 gxf4 37. gxf4 {Ke5} 1/2-1/2

[Event "XVIII Najdorf Open 2018"]
[Site "Warsaw"]
[Date "2018.07.10"]
[Round "3"]
[White "Czopor, Maciej"]
[Black "Hassan, Abdullah"]
[Result "1/2-1/2"]
[WhiteElo "2217"]
[BlackElo "2335"]
[Annotator "NA"]
[PlyCount "64"]
[EventDate "2018.07.08"]
[EventCountry "POL"]
[SourceTitle "playchess.com"]
[Source "ChessBase"]
[SourceQuality "1"]

1. e4 e6 2. d4 d5 3. Nd2 Be7 4. Ngf3 Nf6 5. Bd3 c5 6. e5 Nfd7 7. c3 b6 8. O-O cxd4 9. cxd4 Ba6 10. Bxa6 Nxa6 11. Ne1 Nb4 12. f4 Rc8 13. a3 Nc6 14. Ndf3 O-O 15. Qd3 g6 16. Bd2 Na5 17. b3 f5 18. exf6 Bxf6 19. Nc2 Qc7 20. Rac1 Rfe8 21. g3 Qb7 22. Rce1 Nf8 23. Ne3 Bg7 24. Ne5 Nc6 25. g4 Nxe5 26. fxe5 Nd7 27. g5 Rf8 28. Bb4 Rxf1+ 29. Rxf1 a5 30. Bd2 Rf8 31. Ng2 Rxf1+ 32. Kxf1 Nf8 1/2-1/2

[Event "XVIII Najdorf Open 2018"]
[Site "Warsaw"]
[Date "2018.07.10"]
[Round "3"]
[White "Sliwicki, Damian"]
[Black "Kowalski, Igor"]
[Result "0-1"]
[WhiteElo "2193"]
[BlackElo "2324"]
[Annotator "NA"]
[PlyCount "60"]
[EventDate "2018.07.08"]
[EventCountry "POL"]
[SourceTitle "playchess.com"]
[Source "ChessBase"]
[SourceQuality "1"]

1. e4 g6 2. d4 Bg7 3. Nc3 a6 4. Be3 d6 5. Qd2 b5 6. Bd3 Bb7 7. f3 Nd7 8. Nce2 c5 9. c3 Ngf6 10. g4 cxd4 11. cxd4 Nb6 12. b3 h5 13. g5 Nfd7 14. Nh3 e5 15. d5 Nxd5 16. exd5 e4 17. Bd4 Bxd4 18. Nxd4 exd3 19. O-O-O O-O 20. Kb1 Bxd5 21. Nf4 Bb7 22. Nxd3 Ne5 23. Rhf1 Nxd3 24. Qxd3 Qxg5 25. Nc2 Rac8 26. Qxd6 Rfd8 27. Qb6 Rxd1+ 28. Rxd1 Bxf3 29. Rc1 Be4 30. Qxa6 Qf5 0-1

[Event "XVIII Najdorf Open 2018"]
[Site "Warsaw"]
[Date "2018.07.10"]
[Round "3"]
[White "Renkowski, Piotr"]
[Black "Havelka, Josef"]
[Result "0-1"]
[WhiteElo "2184"]
[BlackElo "2349"]
[Annotator "NA"]
[PlyCount "74"]
[EventDate "2018.07.08"]
[EventCountry "POL"]
[SourceTitle "playchess.com"]
[Source "ChessBase"]
[SourceQuality "1"]

1. e4 c5 2. Nf3 Nc6 3. c3 Nf6 4. e5 Nd5 5. d4 cxd4 6. cxd4 d6 7. Bc4 dxe5 8. dxe5 Ndb4 9. O-O Qxd1 10. Rxd1 Bg4 11. e6 fxe6 12. Nc3 e5 13. Be3 Nc2 14. Rac1 Nxe3 15. fxe3 e6 16. Ne4 Be7 17. h3 Bf5 18. Nfg5 Bxg5 19. Nxg5 Ke7 20. g4 h6 21. gxf5 hxg5 22. Bxe6 Rad8 23. Kg2 g6 24. e4 Rxd1 25. Rxd1 Nd4 26. Rc1 Kd6 27. Rc8 Rxc8 28. Bxc8 gxf5 29. exf5 Kc7 30. Bxb7 Kxb7 31. f6 Kc6 32. f7 Ne6 33. Kf3 Kd5 34. Ke3 Nf8 35. b4 Ke6 36. a4 Kxf7 37. b5 Ke6 {Kd4} 0-1

[Event "XVIII Najdorf Open 2018"]
[Site "Warsaw"]
[Date "2018.07.10"]
[Round "3"]
[White "Smieszek, Wojciech"]
[Black "Kosakowski, Jakub"]
[Result "0-1"]
[WhiteElo "2137"]
[BlackElo "2324"]
[Annotator "NA"]
[PlyCount "56"]
[EventDate "2018.07.08"]
[EventCountry "POL"]
[SourceTitle "playchess.com"]
[Source "ChessBase"]
[SourceQuality "1"]

1. e4 c5 2. Nf3 d6 3. Nc3 a6 4. e5 Nc6 5. exd6 e5 6. Bc4 Bxd6 7. d3 h6 8. Be3 Nf6 9. a4 b6 10. h3 Bb7 11. Ne4 O-O 12. Ng3 Nd4 13. c3 Nxf3+ 14. gxf3 Nd5 15. Rg1 Kh7 16. Qd2 f5 17. Nh5 Rf7 18. O-O-O Qh4 19. Ng3 f4 20. d4 fxe3 21. Qd3+ Kh8 22. fxe3 exd4 23. Ne4 Qe7 24. Rg6 Bf4 25. Kb1 Nxe3 26. Bxf7 Nxd1 27. Nd6 Bxd6 28. Rxg7 Be4 0-1

[Event "XVIII Najdorf Open 2018"]
[Site "Warsaw"]
[Date "2018.07.10"]
[Round "3"]
[White "Sanz Losada, Victoriano"]
[Black "Kanarek, Marcel"]
[Result "0-1"]
[WhiteElo "2091"]
[BlackElo "2508"]
[Annotator "TA"]
[PlyCount "90"]
[EventDate "2018.07.08"]
[EventCountry "POL"]
[SourceTitle "playchess.com"]
[Source "ChessBase"]
[SourceQuality "1"]

{[%evp 23,90,44,50,18,31,16,54,50,50,8,8,0,0,-10,-2,-32,-12,-41,-25,-58,-49,-72,-63,-116,-120,-100,-94,-93,-125,-176,-178,-155,-137,-111,-66,-47,-41,-41,-25,-40,0,0,0,0,-7,-1,-7,-8,0,-30,-33,-187,-187,-306,-306,-300,-305,-300,-292,-285,-291,-502,-506,-498,-493,-457,-453,-528,-528]} 1. d4 Nf6 2. c4 g6 3. Nc3 Bg7 4. e4 d6 5. f3 O-O 6. Nge2 c5 7. d5 e6 8. Ng3 exd5 9. cxd5 a6 10. a4 Nbd7 11. Be2 h5 12. Bg5 {A65: Modern Benoni: 6 e4} Qa5 {LiveBook: 7 Games} 13. O-O Nh7 14. Be3 $1 {White is slightly better.} h4 $146 ({Predecessor:} 14... Ne5 15. Qd2 Bd7 16. Bh6 Qb4 17. Bxg7 Kxg7 18. f4 Qd4+ 19. Qxd4 cxd4 20. fxe5 dxc3 21. bxc3 dxe5 {1-0 (58) Gupta,A (2629)-Schoppen,C (2220) Hoogeveen 2015}) 15. Nh1 {[%cal Bg3h1,Bh1f2,Bf2d3][%mdl 32]} f5 16. Qd2 fxe4 17. fxe4 Rxf1+ 18. Rxf1 Ne5 19. Nf2 Bd7 20. Qc2 b5 21. axb5 axb5 {[%cal Ba6b5,Bb5b4][%mdl 32]} 22. Nd3 b4 $36 {[%mdl 2048] Black has good play.} 23. Nd1 ({Better is} 23. Nxe5 $15 Bxe5 24. Nd1) 23... Qa4 $17 24. b3 Qa2 25. Qxa2 Rxa2 26. Nxe5 (26. Nc1 $17 {might work better.} Ra3 27. Bf4) 26... Bxe5 $19 27. Bd3 h3 28. Nf2 hxg2 29. Kxg2 Nf6 {[#] White must now prevent ...Ng4.} 30. h3 $1 Nh5 31. Kf3 Nf6 32. Bc4 Kg7 33. Rg1 Bc3 34. Nd3 Bxh3 35. Nf4 Bc8 36. Rxg6+ (36. Ne6+ {is interesting.} Bxe6 37. dxe6 Rh2 38. Bf4 Rh3+ 39. Ke2) 36... Kf7 37. Rg2 $2 {[#]} (37. Rg5 $15) 37... Rxg2 38. Nxg2 (38. Kxg2 $142 Nxe4 39. Ne2) 38... Bg4+ 39. Kg3 Bd1 40. Kf4 Be5+ ({Don't do} 40... Bc2 41. Kg5 $19) 41. Kg5 Bf3 42. Nf4 $2 (42. Ne1 Bxe4 43. Nd3) 42... Nxe4+ {Black is clearly winning.} 43. Kh4 Bxf4 44. Bxf4 Ke7 45. Bg5+ Kd7 {Precision: White = 46%, Black = 78%.} 0-1